[Event "BL 1011 (Women)"]
[Site "Germany"]
[Date "2011.01.29"]
[Round "6.6"]
[White "Eckhardt, Claudia"]
[Black "Mikliaeva, Darja S"]
[Result "0-1"]
[WhiteElo "2173"]
[BlackElo "2144"]
[PlyCount "158"]
[EventDate "2010.11.06"]
[EventType "team-tourn"]
[EventRounds "11"]
[EventCountry "GER"]
[SourceTitle "EXT 2012"]
[Source "ChessBase"]
[SourceDate "2011.11.24"]
[SourceVersion "1"]
[SourceVersionDate "2011.11.24"]
[SourceQuality "1"]
[WhiteTeam "Halle Volksbank (W)"]
[BlackTeam "Bad Koenigshofen (W)"]
[WhiteTeamCountry "GER"]
[BlackTeamCountry "GER"]

1. d4 d5 2. Nf3 Bf5 3. g3 Nf6 4. Bg2 c6 5. 0-0 h6 6. c4 e6 7. b3 Be7 8. Bb2 0-0 9. Nbd2 Nbd7 10. a3 Ne4 11. Rc1 Ndf6 12. Ne5 Nxd2 13. Qxd2 Ne4 14. Qd1 f6 15. Nd3 Bd6 16. f3 Ng5 17. Nf2 Qe7 18. e4 dxe4 19. fxe4 Bg6 20. c5 Bc7 21. b4 Rad8 22. Qb3 Bf7 23. Rfd1 f5 24. Qc3 Bh5 25. Rd3 fxe4 26. Nxe4 Nxe4 27. Bxe4 Qf7 28. Bg2 Rd5 29. Rf1 Rf5 30. Rxf5 Qxf5 31. d5 Qf2+ 32. Kh1 e5 33. Qd2 e4 34. Bd4 Qf5 35. Re3 cxd5 36. Re1 Bf3 37. Kg1 Bxg2 38. Qxg2 Be5 39. Bxe5 Qxe5 40. Qc2 Qd4+ 41. Kg2 e3 42. Rf1 Rxf1 43. Kxf1 Qf6+ 44. Kg2 d4 45. b5 Qe6 46. Kf1 Qd5 47. Qd3 Qxc5 48. Qe4 Qxb5+ 49. Ke1 Qd7 50. Qe5 Qf7 51. Ke2 Qf2+ 52. Kd3 Qd2+ 53. Ke4 Qc2+ 54. Kf3 Qf2+ 55. Kg4 Qf6 56. Qe4 a5 57. h4 Kf7 58. Qxb7+ Qe7 59. Qf3+ Qf6 60. Qb7+ Kg8 61. Qe4 Kh8 62. Kh3 g6 63. Qe8+ Kg7 64. Qd7+ Kf8 65. Qc8+ Ke7 66. Qc7+ Ke6 67. Qc6+ Ke5 68. Qb5+ Ke4 69. Qb7+ Kd3 70. Qb3+ Kd2 71. Qb2+ Ke1 72. Qc1+ Kf2 73. Kh2 e2 74. Qg1+ Kf3 75. Qh1+ Ke3 76. Qc1+ Ke4 77. Qc2+ d3 78. Qc4+ Ke3 79. Qc5+ Kd2 0-1

[Event "Oberliga Ost-A 0910"]
[Site "Germany"]
[Date "2010.04.11"]
[Round "11.8"]
[White "Eckhardt, Claudia"]
[Black "Asmykovich, Ihar"]
[Result "1-0"]
[WhiteElo "2173"]
[BlackElo "1786"]
[PlyCount "61"]
[EventDate "2009.10.18"]
[EventType "team-tourn"]
[EventRounds "11"]
[EventCountry "GER"]
[SourceTitle "EXT 2011"]
[Source "ChessBase"]
[SourceDate "2010.11.26"]
[SourceVersion "1"]
[SourceVersionDate "2010.11.26"]
[SourceQuality "1"]
[WhiteTeam "Halle USV"]
[BlackTeam "Jena Jenapharm"]
[WhiteTeamCountry "GER"]
[BlackTeamCountry "GER"]

1. d4 Nf6 2. Nf3 e6 3. g3 d5 4. Bg2 Be7 5. 0-0 0-0 6. c4 dxc4 7. Ne5 c6 8. Nxc4 b5 9. Ne5 Bb7 10. e3 Qb6 11. a4 Rd8 12. Qc2 Nd5 13. Nc3 Nd7 14. a5 Qa6 15. Nd3 Rac8 16. Ne4 c5 17. Nexc5 Nxc5 18. dxc5 Rd7 19. e4 Nf6 20. Nb4 Rxc5 21. Qxc5 Bxc5 22. Nxa6 Bxa6 23. Be3 Bxe3 24. fxe3 Kf8 25. Rad1 e5 26. Rxd7 Nxd7 27. Rc1 Ke7 28. Rc7 Kd6 29. Rxa7 Bc8 30. Bh3 h5 31. a6 1-0

[Event "Oberliga Ost-A 0910"]
[Site "Germany"]
[Date "2010.04.10"]
[Round "10.8"]
[White "Schlachetka, Werner"]
[Black "Eckhardt, Claudia"]
[Result "1/2-1/2"]
[WhiteElo "2114"]
[BlackElo "2173"]
[PlyCount "60"]
[EventDate "2009.10.18"]
[EventType "team-tourn"]
[EventRounds "11"]
[EventCountry "GER"]
[SourceTitle "EXT 2011"]
[Source "ChessBase"]
[SourceDate "2010.11.26"]
[SourceVersion "1"]
[SourceVersionDate "2010.11.26"]
[SourceQuality "1"]
[WhiteTeam "Jena Schott"]
[BlackTeam "Halle USV"]
[WhiteTeamCountry "GER"]
[BlackTeamCountry "GER"]

1. e4 c5 2. Nc3 e6 3. g3 Nc6 4. Bg2 g6 5. d3 Bg7 6. Be3 d6 7. Qd2 Nd4 8. Nd1 Nf6 9. c3 Nc6 10. h3 0-0 11. f4 Qe7 12. Nf3 e5 13. 0-0 c4 14. Nf2 cxd3 15. Qxd3 Rd8 16. fxe5 dxe5 17. Qc2 h6 18. g4 Ne8 19. Rad1 Be6 20. b3 Rac8 21. Rxd8 Qxd8 22. Qd2 Qxd2 23. Nxd2 Nd6 24. Rd1 Nb5 25. Nb1 Ne7 26. c4 Nd4 27. Nc3 Nec6 28. Kf1 Kf8 29. Rd2 Rd8 30. Nd5 Rc8 1/2-1/2

[Event "Oberliga Ost-A 0910"]
[Site "Germany"]
[Date "2010.01.24"]
[Round "7.7"]
[White "Eckhardt, Claudia"]
[Black "Dobierzin, Olaf"]
[Result "1/2-1/2"]
[WhiteElo "2173"]
[BlackElo "2136"]
[PlyCount "31"]
[EventDate "2009.10.18"]
[EventType "team-tourn"]
[EventRounds "11"]
[EventCountry "GER"]
[SourceTitle "EXT 2011"]
[Source "ChessBase"]
[SourceDate "2010.11.26"]
[SourceVersion "1"]
[SourceVersionDate "2010.11.26"]
[SourceQuality "1"]
[WhiteTeam "Halle USV"]
[BlackTeam "Leipzig Lok II"]
[WhiteTeamCountry "GER"]
[BlackTeamCountry "GER"]

1. d4 Nf6 2. Nf3 g6 3. g3 Bg7 4. Bg2 0-0 5. 0-0 d6 6. c4 Nbd7 7. Nc3 e5 8. e4 c6 9. h3 Re8 10. Re1 exd4 11. Nxd4 Nc5 12. Bf4 Nh5 13. Be3 Nf6 14. Bf4 Nh5 15. Be3 Nf6 16. Bf4 1/2-1/2

[Event "Oberliga Ost-A 0910"]
[Site "Germany"]
[Date "2009.10.18"]
[Round "1.7"]
[White "Eckhardt, Claudia"]
[Black "Rost, Michael"]
[Result "1-0"]
[WhiteElo "2173"]
[BlackElo "1841"]
[PlyCount "49"]
[EventDate "2009.10.18"]
[EventType "team-tourn"]
[EventRounds "11"]
[EventCountry "GER"]
[SourceTitle "EXT 2011"]
[Source "ChessBase"]
[SourceDate "2010.11.26"]
[SourceVersion "1"]
[SourceVersionDate "2010.11.26"]
[SourceQuality "1"]
[WhiteTeam "Halle USV"]
[BlackTeam "Magdeburg USC"]
[WhiteTeamCountry "GER"]
[BlackTeamCountry "GER"]

1. d4 e6 2. Nf3 f5 3. g3 Nf6 4. Bg2 Be7 5. 0-0 0-0 6. c4 d6 7. Nc3 a5 8. h3 Qe8 9. b3 Qh5 10. a3 c6 11. Qd3 Na6 12. Bd2 Nc7 13. Rfe1 h6 14. e4 fxe4 15. Nxe4 e5 16. g4 Nxg4 17. hxg4 Bxg4 18. Nh2 Be6 19. dxe5 dxe5 20. a4 Bh4 21. Ng3 Qf7 22. Qf3 Qd7 23. Qe2 Bh3 24. Rad1 Bxg2 25. Kxg2 1-0

[Event "BL 0809 (Women)"]
[Site "Germany"]
[Date "2009.03.08"]
[Round "9.5"]
[White "Goehler, Antje"]
[Black "Eckhardt, Claudia"]
[Result "1/2-1/2"]
[WhiteElo "2130"]
[BlackElo "2182"]
[PlyCount "32"]
[EventDate "2008.11.08"]
[EventType "team-tourn"]
[EventRounds "11"]
[EventCountry "GER"]
[SourceTitle "EXT 2010"]
[Source "ChessBase"]
[SourceDate "2010.11.25"]
[SourceVersion "1"]
[SourceVersionDate "2010.11.25"]
[SourceQuality "1"]
[WhiteTeam "Pankow Rotation (W)"]
[BlackTeam "Halle Volksbank (W)"]
[WhiteTeamCountry "GER"]
[BlackTeamCountry "GER"]

1. d4 Nf6 2. Nf3 e6 3. c4 b6 4. a3 Bb7 5. e3 Be7 6. Nc3 Ne4 7. Nxe4 Bxe4 8. Ne5 0-0 9. f3 Bb7 10. Be2 Nc6 11. Nxc6 dxc6 12. 0-0 Qd6 13. b4 e5 14. c5 Qe6 15. Bb2 Rfd8 16. Qc2 Bf6 1/2-1/2

[Event "Oberliga Ost-A 0809"]
[Site "Germany"]
[Date "2009.02.01"]
[Round "7.6"]
[White "Eckhardt, Claudia"]
[Black "Boehm, Robert"]
[Result "0-1"]
[WhiteElo "2182"]
[BlackElo "2117"]
[PlyCount "32"]
[EventDate "2008.10.12"]
[EventType "team-tourn"]
[EventRounds "11"]
[EventCountry "GER"]
[SourceTitle "EXT 2010"]
[Source "ChessBase"]
[SourceDate "2010.11.25"]
[SourceVersion "1"]
[SourceVersionDate "2010.11.25"]
[SourceQuality "1"]
[WhiteTeam "Halle USV"]
[BlackTeam "Hoyerswerda"]
[WhiteTeamCountry "GER"]
[BlackTeamCountry "GER"]

1. d4 d5 2. Nf3 Nf6 3. g3 c6 4. Bg2 Bf5 5. 0-0 h6 6. c4 e6 7. b3 Be7 8. Bb2 Nbd7 9. Nbd2 0-0 10. Ne5 a5 11. Nxd7 Nxd7 12. f3 Bh7 13. e4 a4 14. e5 Bb4 15. Rf2 a3 16. Bc1 Bc3 0-1

[Event "BL 0809 (Women)"]
[Site "Germany"]
[Date "2009.01.24"]
[Round "6.4"]
[White "Eckhardt, Claudia"]
[Black "Melnikova, Yana"]
[Result "1-0"]
[WhiteElo "2182"]
[BlackElo "2264"]
[PlyCount "73"]
[EventDate "2008.11.08"]
[EventType "team-tourn"]
[EventRounds "11"]
[EventCountry "GER"]
[SourceTitle "EXT 2010"]
[Source "ChessBase"]
[SourceDate "2010.11.25"]
[SourceVersion "1"]
[SourceVersionDate "2010.11.25"]
[SourceQuality "1"]
[WhiteTeam "Halle Volksbank (W)"]
[BlackTeam "Bad Koenigshofen (W)"]
[WhiteTeamCountry "GER"]
[BlackTeamCountry "GER"]

1. d4 Nf6 2. Nf3 g6 3. g3 Bg7 4. Bg2 c5 5. d5 d6 6. 0-0 0-0 7. Nc3 e5 8. h3 Na6 9. a4 Nc7 10. e4 b6 11. Be3 Rb8 12. Qd2 a6 13. Nh2 b5 14. axb5 axb5 15. b4 Na6 16. Na2 Nd7 17. Bh6 Nb6 18. Bxg7 Kxg7 19. bxc5 dxc5 20. f4 Nc4 21. Qc3 f6 22. Nc1 Qd6 23. Nd3 Re8 24. Rf2 Kg8 25. Raf1 Ne3 26. fxe5 fxe5 27. Rf6 b4 28. Qe1 Nxg2 29. Kxg2 Qe7 30. Qf2 Qg7 31. g4 Bb7 32. Rf7 Qh6 33. Qf6 Bc8 34. g5 Bxh3+ 35. Kh1 Rb6 36. gxh6 Rxf6 37. R1xf6 1-0

[Event "BL 0809 (Women)"]
[Site "Germany"]
[Date "2009.01.04"]
[Round "5.5"]
[White "Lehmann, Christina"]
[Black "Eckhardt, Claudia"]
[Result "1/2-1/2"]
[WhiteElo "2097"]
[BlackElo "2182"]
[PlyCount "49"]
[EventDate "2008.11.08"]
[EventType "team-tourn"]
[EventRounds "11"]
[EventCountry "GER"]
[SourceTitle "EXT 2010"]
[Source "ChessBase"]
[SourceDate "2010.11.25"]
[SourceVersion "1"]
[SourceVersionDate "2010.11.25"]
[SourceQuality "1"]
[WhiteTeam "Grosslehna (W)"]
[BlackTeam "Halle Volksbank (W)"]
[WhiteTeamCountry "GER"]
[BlackTeamCountry "GER"]

1. d4 Nf6 2. c4 e6 3. Nc3 Bb4 4. e3 0-0 5. Bd3 c5 6. a3 Bxc3+ 7. bxc3 d6 8. Ne2 Nc6 9. 0-0 e5 10. f3 Re8 11. Ng3 Ne7 12. Qc2 Qc7 13. Rb1 Ng6 14. Bd2 b6 15. d5 Rb8 16. e4 Qd8 17. Nf5 Nf8 18. g4 Rb7 19. Kh1 Bxf5 20. exf5 e4 21. Bxe4 Nxe4 22. fxe4 Qh4 23. Rf4 g5 24. fxg6 Nxg6 25. Rf5 1/2-1/2

[Event "Oberliga Ost-A 0809"]
[Site "Germany"]
[Date "2008.11.30"]
[Round "3.7"]
[White "Homburg, David"]
[Black "Eckhardt, Claudia"]
[Result "1/2-1/2"]
[WhiteElo "2027"]
[BlackElo "2182"]
[PlyCount "99"]
[EventDate "2008.10.12"]
[EventType "team-tourn"]
[EventRounds "11"]
[EventCountry "GER"]
[SourceTitle "EXT 2010"]
[Source "ChessBase"]
[SourceDate "2010.11.25"]
[SourceVersion "1"]
[SourceVersionDate "2010.11.25"]
[SourceQuality "1"]
[WhiteTeam "Magdeburg Rochade"]
[BlackTeam "Halle USV"]
[WhiteTeamCountry "GER"]
[BlackTeamCountry "GER"]

1. e4 c5 2. c3 d5 3. exd5 Qxd5 4. d4 Nf6 5. Nf3 Nc6 6. dxc5 Qxc5 7. Be3 Qa5 8. b4 Qc7 9. Na3 a6 10. Qa4 Bd7 11. b5 Ne5 12. c4 Nxf3+ 13. gxf3 e6 14. Rc1 Qd8 15. c5 axb5 16. Qb4 Ra4 17. Qb3 Nd5 18. Bxb5 Rb4 19. Bxd7+ Qxd7 20. Qc2 Nxe3 21. fxe3 Qc6 22. Kf2 Be7 23. Rhd1 Bh4+ 24. Ke2 0-0 25. Rd4 Rxd4 26. exd4 Qc7 27. Kf1 Qf4 28. Kg2 Qxd4 29. Rd1 Qb4 30. Rd3 Be7 31. Rb3 Qxc5 32. Qxc5 Bxc5 33. Nc4 Ra8 34. a3 Ra4 35. Ne5 Rxa3 36. Rxb7 Ra2+ 37. Kh3 g6 38. Nxf7 Be3 39. Ne5 Bf4 40. Nd3 Rxh2+ 41. Kg4 Bd6 42. Rb6 Rg2+ 43. Kh4 Be7+ 44. Kh3 Re2 45. Nf4 Re3 46. Rxe6 Rxf3+ 47. Kg4 Rxf4+ 48. Kxf4 Kf7 49. Ra6 h6 50. Rxg6 1/2-1/2

[Event "Oberliga Ost-A 0708"]
[Site "Germany"]
[Date "2008.03.09"]
[Round "8.6"]
[White "Eckhardt, Claudia"]
[Black "Haertig, Jens"]
[Result "1-0"]
[WhiteElo "2197"]
[BlackElo "2174"]
[PlyCount "45"]
[EventDate "2007.09.23"]
[EventType "team-tourn"]
[EventRounds "11"]
[EventCountry "GER"]
[SourceTitle "EXT 2009"]
[Source "ChessBase"]
[SourceDate "2008.11.26"]
[SourceVersion "1"]
[SourceVersionDate "2008.11.26"]
[SourceQuality "1"]
[WhiteTeam "Halle USV"]
[BlackTeam "Naumburg"]
[WhiteTeamCountry "GER"]
[BlackTeamCountry "GER"]

1. d4 Nf6 2. Nf3 c5 3. d5 e6 4. Nc3 d6 5. e4 a6 6. a4 Be7 7. Be2 exd5 8. exd5 0-0 9. 0-0 Nbd7 10. h3 Re8 11. Bf4 Bf8 12. Re1 Nh5 13. Bh2 g6 14. Nd2 Ng7 15. Bd3 Rxe1+ 16. Qxe1 f6 17. Nc4 Nb6 18. Ne3 Nd7 19. Ng4 Be7 20. Qe2 Qf8 21. Re1 Bd8 22. Nh6+ Kh8 23. Bxd6 1-0

[Event "Oberliga Ost-A 0708"]
[Site "Germany"]
[Date "2008.01.20"]
[Round "7.6"]
[White "Kyas, Juergen"]
[Black "Eckhardt, Claudia"]
[Result "1/2-1/2"]
[WhiteElo "2227"]
[BlackElo "2197"]
[PlyCount "33"]
[EventDate "2007.09.23"]
[EventType "team-tourn"]
[EventRounds "11"]
[EventCountry "GER"]
[SourceTitle "EXT 2009"]
[Source "ChessBase"]
[SourceDate "2008.11.26"]
[SourceVersion "1"]
[SourceVersionDate "2008.11.26"]
[SourceQuality "1"]
[WhiteTeam "Chemnitz"]
[BlackTeam "Halle USV"]
[WhiteTeamCountry "GER"]
[BlackTeamCountry "GER"]

1. e4 c5 2. Nf3 e6 3. d4 cxd4 4. Nxd4 a6 5. Nc3 Qc7 6. g3 Nf6 7. Bg2 Nc6 8. 0-0 Nxd4 9. Qxd4 Bc5 10. Bf4 d6 11. Qd2 e5 12. Bg5 Be6 13. Bxf6 gxf6 14. Nd5 Bxd5 15. Qxd5 Qc6 16. Qd2 Ke7 17. h4 1/2-1/2

[Event "BL 0708 (Women)"]
[Site "Germany"]
[Date "2007.12.02"]
[Round "4.5"]
[White "Burtasova, Anna"]
[Black "Eckhardt, Claudia"]
[Result "1-0"]
[WhiteElo "2328"]
[BlackElo "2168"]
[PlyCount "129"]
[EventDate "2007.11.10"]
[EventType "team-tourn"]
[EventRounds "11"]
[EventCountry "GER"]
[SourceTitle "EXT 2009"]
[Source "ChessBase"]
[SourceDate "2008.11.26"]
[SourceVersion "1"]
[SourceVersionDate "2008.11.26"]
[SourceQuality "1"]
[WhiteTeam "Dresden TU (W)"]
[BlackTeam "Halle (W)"]
[WhiteTeamCountry "GER"]
[BlackTeamCountry "GER"]

1. e4 c5 2. Nf3 e6 3. c3 d5 4. e5 Nc6 5. d4 cxd4 6. cxd4 Nge7 7. a3 Qb6 8. b4 a6 9. Bd3 Bd7 10. Be3 Nf5 11. 0-0 Be7 12. Nc3 Nxe3 13. fxe3 0-0 14. Na4 Qd8 15. Nc5 Rb8 16. Ra2 g6 17. h4 f5 18. exf6 Rxf6 19. Raf2 Bxc5 20. bxc5 Qe7 21. Ng5 Rxf2 22. Rxf2 Rf8 23. Rxf8+ Qxf8 24. Qb1 Bc8 25. Qb6 Qd8 26. Qxd8+ Nxd8 27. Kf2 Nf7 28. Kg3 h6 29. Nh3 Kg7 30. Nf4 g5 31. Nh5+ Kf8 32. hxg5 hxg5 33. Nf6 Ke7 34. Ng4 Bd7 35. Ne5 Nh6 36. e4 Be8 37. Nf3 dxe4 38. Bxe4 Bc6 39. Bxc6 bxc6 40. Nxg5 Nf5+ 41. Kf4 Nxd4 42. Ke5 Nc2 43. Nxe6 Nxa3 44. Nd4 Nc4+ 45. Ke4 a5 46. Nxc6+ Kd7 47. Nd4 a4 48. Kd3 Ne5+ 49. Kc3 Kc7 50. Nc2 Kc6 51. Kd4 Nd7 52. Nb4+ Kb5 53. c6 Nb6 54. Kc3 Nc8 55. g4 Ne7 56. g5 Kb6 57. Kb2 Kc7 58. Ka3 Kd6 59. Kxa4 Ke6 60. c7 Kf5 61. Nd5 Nc8 62. Kb5 Kxg5 63. Kc6 Kf5 64. Kd7 Na7 65. Ne7+ 1-0

[Event "GER-ch (Women)"]
[Site "Osterburg"]
[Date "2007.07.14"]
[Round "9"]
[White "Eckhardt, Claudia"]
[Black "Samorukova, Jana"]
[Result "1-0"]
[WhiteElo "2197"]
[BlackElo "1776"]
[PlyCount "79"]
[EventDate "2007.07.05"]
[EventType "swiss"]
[EventRounds "9"]
[EventCountry "GER"]
[SourceTitle "CBM 119 Extra"]
[Source "ChessBase"]
[SourceDate "2007.09.04"]
[SourceVersion "1"]
[SourceVersionDate "2007.09.04"]
[SourceQuality "1"]

1. d4 d5 2. Nf3 c6 3. g3 Bg4 4. Ne5 Bf5 5. Bg2 e6 6. 0-0 Nf6 7. c4 Nbd7 8. h3 Be7 9. Nc3 0-0 10. b3 Nxe5 11. dxe5 Nd7 12. cxd5 cxd5 13. f4 Qb6+ 14. Kh1 Rac8 15. Bb2 Nc5 16. Rc1 Rfd8 17. g4 Be4 18. Nxe4 Nxe4 19. Bxe4 dxe4 20. Rxc8 Rxc8 21. Qd7 Qc7 22. Qd4 Qa5 23. f5 Rd8 24. Qxe4 Qd2 25. Bc1 Qc3 26. Qe3 Qc6+ 27. Qf3 Qa6 28. Kg2 Rd5 29. Bf4 b5 30. e4 Rd7 31. Rf2 h6 32. f6 Bf8 33. Qe3 g5 34. Bg3 Qc6 35. h4 Bc5 36. Qc3 Qxe4+ 37. Qf3 Qb4 38. Re2 Rd4 39. Qa8+ Kh7 40. Qe8 1-0

[Event "GER-ch (Women)"]
[Site "Osterburg"]
[Date "2007.07.13"]
[Round "8"]
[White "Noll, Sonja"]
[Black "Eckhardt, Claudia"]
[Result "1/2-1/2"]
[WhiteElo "2033"]
[BlackElo "2197"]
[PlyCount "85"]
[EventDate "2007.07.05"]
[EventType "swiss"]
[EventRounds "9"]
[EventCountry "GER"]
[SourceTitle "CBM 119 Extra"]
[Source "ChessBase"]
[SourceDate "2007.09.04"]
[SourceVersion "1"]
[SourceVersionDate "2007.09.04"]
[SourceQuality "1"]

1. f4 d5 2. Nf3 Nf6 3. g3 g6 4. Bg2 Bg7 5. 0-0 0-0 6. d4 c6 7. Ne5 Bf5 8. Nd2 Qc8 9. b3 Na6 10. Ba3 Ng4 11. Nxg4 Bxg4 12. Nf3 Re8 13. c4 dxc4 14. bxc4 Qe6 15. Qd3 Rad8 16. e3 Qc8 17. Ne5 Bh3 18. Bxh3 Qxh3 19. Rab1 f6 20. Nf3 Rd7 21. Qb3 c5 22. Qb5 Rc8 23. dxc5 Nb8 24. Rfd1 Rcd8 25. Rd5 Qe6 26. Kf2 Rxd5 27. cxd5 Qxd5 28. Qxb7 Qxa2+ 29. Qb2 Qxb2+ 30. Rxb2 Nc6 31. Rb7 Rd3 32. Bb2 Kf8 33. Ke2 Rd8 34. Rc7 Nb4 35. Nd4 Kf7 36. Rxa7 f5 37. Rb7 Nd5 38. c6 Rc8 39. Ba3 Bxd4 40. exd4 Rxc6 41. Bc5 Ra6 42. Rb2 h6 43. Kf3 1/2-1/2

[Event "GER-ch (Women)"]
[Site "Osterburg"]
[Date "2007.07.12"]
[Round "7"]
[White "Kierzek, Mira"]
[Black "Eckhardt, Claudia"]
[Result "1/2-1/2"]
[WhiteElo "2019"]
[BlackElo "2197"]
[PlyCount "34"]
[EventDate "2007.07.05"]
[EventType "swiss"]
[EventRounds "9"]
[EventCountry "GER"]
[SourceTitle "CBM 119 Extra"]
[Source "ChessBase"]
[SourceDate "2007.09.04"]
[SourceVersion "1"]
[SourceVersionDate "2007.09.04"]
[SourceQuality "1"]

1. e4 c5 2. Nf3 e6 3. d4 cxd4 4. Nxd4 a6 5. Bd3 Nf6 6. Nc3 Qc7 7. 0-0 Be7 8. Qe2 d6 9. Be3 0-0 10. f4 Nbd7 11. Nb3 b6 12. Kh1 Bb7 13. h3 Rfd8 14. Rae1 b5 15. a3 Nc5 16. Bg1 Bf8 17. Bf2 Rd7 1/2-1/2

[Event "GER-ch (Women)"]
[Site "Osterburg"]
[Date "2007.07.10"]
[Round "5"]
[White "Eckhardt, Claudia"]
[Black "Franzenburg, Maria"]
[Result "1-0"]
[WhiteElo "2197"]
[BlackElo "1580"]
[PlyCount "73"]
[EventDate "2007.07.05"]
[EventType "swiss"]
[EventRounds "9"]
[EventCountry "GER"]
[SourceTitle "CBM 119 Extra"]
[Source "ChessBase"]
[SourceDate "2007.09.04"]
[SourceVersion "1"]
[SourceVersionDate "2007.09.04"]
[SourceQuality "1"]

1. d4 Nf6 2. Nf3 g6 3. g3 Bg7 4. Bg2 d5 5. 0-0 0-0 6. c4 c6 7. Nc3 Ne4 8. Qb3 Qb6 9. cxd5 Qxb3 10. axb3 Nxc3 11. bxc3 cxd5 12. Ne5 Nc6 13. f4 Nxe5 14. fxe5 e6 15. Ba3 Rd8 16. Bc5 a6 17. Bb6 Rf8 18. e4 dxe4 19. Bxe4 Bd7 20. Bc5 Rfd8 21. b4 Bc6 22. Bxc6 bxc6 23. Ra5 Bh6 24. Rfa1 Bd2 25. R5a3 Be3+ 26. Kf1 f5 27. Ke2 f4 28. h3 h6 29. Rxa6 Rxa6 30. Rxa6 Rc8 31. Ra7 h5 32. gxf4 Bxf4 33. Re7 Ra8 34. Rxe6 Ra2+ 35. Kf3 Bh2 36. Rxg6+ Kh7 37. Rg2 1-0

[Event "Oberliga Ost-A 0607"]
[Site "Germany"]
[Date "2007.02.25"]
[Round "7.5"]
[White "Resnjanskij, Sven"]
[Black "Eckhardt, Claudia"]
[Result "1/2-1/2"]
[WhiteElo "2179"]
[BlackElo "2189"]
[PlyCount "85"]
[EventDate "2006.10.15"]
[EventType "team-tourn"]
[EventRounds "11"]
[EventCountry "GER"]
[SourceTitle "EXT 2008"]
[Source "ChessBase"]
[SourceDate "2007.11.25"]
[SourceVersion "1"]
[SourceVersionDate "2007.11.25"]
[SourceQuality "1"]
[WhiteTeam "Leipzig Gohlis II"]
[BlackTeam "Halle USV"]
[WhiteTeamCountry "GER"]
[BlackTeamCountry "GER"]

1. e4 c5 2. Nf3 e6 3. d4 cxd4 4. Nxd4 a6 5. Nc3 b5 6. Bd3 d6 7. 0-0 Nf6 8. Qe2 Be7 9. f4 0-0 10. Be3 Qc7 11. a4 b4 12. Na2 d5 13. e5 Ne4 14. c3 bxc3 15. Rac1 Bb7 16. Nxc3 Qd7 17. f5 Re8 18. fxe6 fxe6 19. Qg4 Nc6 20. Nxc6 Bxc6 21. Nxe4 dxe4 22. Bxe4 Bxe4 23. Qxe4 Rab8 24. Rf2 Rb4 25. Qc6 Qxc6 26. Rxc6 Rxa4 27. Rxe6 a5 28. h3 Rc4 29. Bg5 Rc7 30. Bxe7 Rexe7 31. Rxe7 Rxe7 32. Re2 Kf7 33. Kf2 Ke6 34. Kf3 Rb7 35. Ke4 Rb4+ 36. Kd3 h6 37. Kc3 Rb5 38. Kc4 Rb4+ 39. Kc3 Rb5 40. b3 Rb4 41. Ra2 Rb5 42. Re2 g5 43. g4 1/2-1/2

[Event "Oberliga Ost-A 0607"]
[Site "Germany"]
[Date "2007.02.24"]
[Round "6.4"]
[White "Limpert, Michael"]
[Black "Eckhardt, Claudia"]
[Result "1/2-1/2"]
[WhiteElo "2166"]
[BlackElo "2189"]
[PlyCount "53"]
[EventDate "2006.10.15"]
[EventType "team-tourn"]
[EventRounds "11"]
[EventCountry "GER"]
[SourceTitle "EXT 2008"]
[Source "ChessBase"]
[SourceDate "2007.11.25"]
[SourceVersion "1"]
[SourceVersionDate "2007.11.25"]
[SourceQuality "1"]
[WhiteTeam "Leipzig Mitte II"]
[BlackTeam "Halle USV"]
[WhiteTeamCountry "GER"]
[BlackTeamCountry "GER"]

1. e4 c5 2. b3 e6 3. Bb2 Nc6 4. Nf3 a6 5. c4 Qc7 6. g3 d6 7. Bg2 Nf6 8. Qe2 e5 9. h3 Nd4 10. Nxd4 cxd4 11. 0-0 g6 12. f4 Bg7 13. fxe5 dxe5 14. Ba3 Be6 15. d3 Nh5 16. Kh2 Bh6 17. Bc1 Bxc1 18. Rxc1 Qe7 19. Nd2 b6 20. a3 a5 21. Nf3 f6 22. Qb2 0-0 23. b4 Rfb8 24. Qd2 Ng7 25. Rcb1 Qc7 26. Rb2 axb4 27. Qxb4 1/2-1/2

[Event "GER-chT Federal Cup (Women)"]
[Site "Germany"]
[Date "2007.??.??"]
[Round "1"]
[White "Eckhardt, Claudia"]
[Black "Fishkin, Natalie"]
[Result "1-0"]
[WhiteElo "2185"]
[BlackElo "1905"]
[PlyCount "47"]
[EventDate "2007.06.??"]
[EventType "team-swiss"]
[EventRounds "5"]
[EventCountry "GER"]
[SourceTitle "EXT 2008"]
[Source "ChessBase"]
[SourceDate "2007.11.25"]
[SourceVersion "1"]
[SourceVersionDate "2007.11.25"]
[SourceQuality "1"]
[WhiteTeam "Sachsen Anhalt"]
[BlackTeam "Schleswig Holstein"]
[WhiteTeamCountry "GER"]
[BlackTeamCountry "GER"]

1. d4 d5 2. Nf3 Nf6 3. g3 e6 4. Bg2 c5 5. 0-0 Nc6 6. c4 Bd7 7. cxd5 exd5 8. Nc3 c4 9. Ne5 Bb4 10. Nxd5 Nxd5 11. Bxd5 Bh3 12. Bxf7+ Kf8 13. Nxc6 bxc6 14. Bxc4 Bxf1 15. Kxf1 h5 16. Qb3 Rb8 17. Qf3+ Qf6 18. Bf4 Rb7 19. Rc1 h4 20. g4 Ke8 21. g5 Qxd4 22. Qxc6+ Qd7 23. Qg6+ Kf8 24. Be6 1-0

[Event "GER-chT Federal Cup (Women)"]
[Site "Germany"]
[Date "2007.??.??"]
[Round "2"]
[White "Wagner Michel, Annett"]
[Black "Eckhardt, Claudia"]
[Result "1-0"]
[WhiteElo "2150"]
[BlackElo "2185"]
[PlyCount "81"]
[EventDate "2007.06.??"]
[EventType "team-swiss"]
[EventRounds "5"]
[EventCountry "GER"]
[SourceTitle "EXT 2008"]
[Source "ChessBase"]
[SourceDate "2007.11.25"]
[SourceVersion "1"]
[SourceVersionDate "2007.11.25"]
[SourceQuality "1"]
[WhiteTeam "Berlin"]
[BlackTeam "Sachsen Anhalt"]
[WhiteTeamCountry "GER"]
[BlackTeamCountry "GER"]

1. e4 c5 2. Nf3 e6 3. d4 cxd4 4. Nxd4 a6 5. c4 Nf6 6. Nc3 Qc7 7. Bd3 d6 8. 0-0 Nbd7 9. b3 b5 10. Bb2 bxc4 11. Bxc4 Ne5 12. Be2 Bd7 13. Rc1 Qb7 14. f4 Nc6 15. Kh1 h5 16. Bf3 Ng4 17. Qd2 Nxd4 18. Qxd4 Qa7 19. Ne2 Rh6 20. h3 Qb8 21. e5 d5 22. f5 Qb4 23. fxe6 fxe6 24. Kg1 Bb5 25. Qxb4 Bxb4 26. hxg4 hxg4 27. Bxg4 Bd2 28. g3 Bd3 29. Rcd1 Be3+ 30. Kg2 Bc2 31. Ba3 Bxd1 32. Rf8+ Kd7 33. Rxa8 d4 34. Rxa6 Kc7 35. Rd6 Rh8 36. Bf3 Bxe2 37. Bxe2 Ra8 38. Ra6 Rd8 39. Bd6+ Kb7 40. Ra4 Rd7 41. Rc4 1-0